| 000 | 00419nam a2200157Ia 4500 | ||
|---|---|---|---|
| 008 | 230312s9999||||xx |||||||||||||| ||und|| | ||
| 020 | _a0-07-066219-9 | ||
| 082 |
_a510.2433 _bCHI |
||
| 100 | _aChiang, Alpha C | ||
| 245 | 0 | _aFundamental Methods of Mathematical Economics | |
| 260 |
_bMcGraw Hill _aLondon _c1984 |
||
| 300 | _a788 | ||
| 546 | _aEng. | ||
| 650 |
_aEconomics _vIntroduction, Economic Models |
||
| 942 | _cBK | ||
| 999 |
_c2069 _d2069 |
||